Statistiques concernant Gammes de Mots - A

Cliquez ici pour prendre le quiz!

Statistiques générales

  • Ce quiz a été pris 256 fois
  • Le résultat moyen est 9 sur 27

Statistiques - réponses

DéfinitionRéponse% Correct
Première lettre de l'alphabet
A
100%
Plus forte carteAS
99%
Pour entrer ou sortirSAS
70%
Première lettre de l'alphabetA
67%
À, de, par, pour, ...SANS
65%
Dieu solaireRA
61%
Elles ne sont pas maladesSAINES
61%
VedetteSTAR
57%
Peut être plastique, naïf, manuel...ART
52%
Pour attraper des poissonsNASSE
50%
Ils viennent au mondeNAISSENT
44%
Lions de merOTARIES
24%
BrillantsSATINES
19%
Continuel, IninterrompuINCESSANT
18%
Juristes publiquesNOTAIRES
15%
Avant le jurassiqueTRIAS
14%
Rendent moins épaisAMINCISSENT
10%
Territoire du nord de la FranceARTOIS
8%
Chapeaux de pailleCANOTIERS
7%
AcharnementINSISTANCE
5%
Singulier du mot précédentCREATIONNISME
2%
Croyances religieuses sur l'origine du mondeCREATIONNISMES
2%
Propriétaire de casinoCASINOTIERE
1%
LinguistesSEMANTICIENS
1%
Link (lorsqu'il remonte le temps)OCARINISTE
0%
Rendue plus romantiqueROMANTICISEE
0%
Spécialistes du corpsSOMATICIENNES
0%

Distribution des résultats

Percentile par nombre de réponses

% des personnes avec chaque résultat

Votre développement - résultats

Vous n’avez pas pris ce quiz